[Event "SV Heiden 2 - SC Rochade Emsdetten 3"]
[Site "Verbandsklasse 2021/2022"]
[Date "2021.11.06"]
[Round "2.7"]
[White "Schellmann, Maraike"]
[Black "Blobel, Tobias"]
[Result "1/2-1/2"]
[WhiteElo "1527"]
[BlackElo "1658"]
[PlyCount "45"]
[EventDate "2021.??.??"]
[SourceTitle "Verband Muensterland"]
[SourceDate "2021.09.29"]
[SourceVersion "1"]
[SourceVersionDate "2021.09.29"]
[SourceQuality "1"]
[WhiteTeam "SC Rochade Emsdetten 3"]
[BlackTeam "SV Heiden 2"]

1. e4 e5 2. Nf3 Nf6 3. Bc4 Nc6 4. d3 Be7 5. c3 O-O 6. O-O d5 7. exd5 Nxd5 8. h3
Bf5 9. d4 Nb6 10. Bb5 exd4 11. Bxc6 bxc6 12. Nxd4 Bd7 13. Qf3 c5 14. Nf5 Bxf5
15. Qxf5 Rb8 16. Na3 Qd5 17. Qxd5 Nxd5 18. Re1 Rfe8 19. c4 Nb4 20. Bf4 Nd3 21.
Bxc7 Nxe1 22. Bxb8 Bf6 23. Nb5 1/2-1/2

[Event "SV Heiden 2 - SC Rochade Emsdetten 3"]
[Site "Verbandsklasse 2021/2022"]
[Date "2021.11.06"]
[Round "2.8"]
[White "Niewerth, Ruben"]
[Black "Overmeyer, Juergen"]
[Result "1/2-1/2"]
[WhiteElo "1539"]
[BlackElo "1574"]
[PlyCount "45"]
[EventDate "2021.??.??"]
[SourceTitle "Verband Muensterland"]
[SourceDate "2021.09.29"]
[SourceVersion "1"]
[SourceVersionDate "2021.09.29"]
[SourceQuality "1"]
[WhiteTeam "SV Heiden 2"]
[BlackTeam "SC Rochade Emsdetten 3"]

1. e4 c5 2. Nf3 Nc6 3. d4 cxd4 4. Nxd4 e6 5. Nc3 Bb4 6. Ndb5 d5 7. exd5 exd5 8.
a3 Bxc3+ 9. Nxc3 Nge7 10. Be2 O-O 11. O-O Be6 12. Bf4 a6 13. Qd2 b5 14. Bf3 Rc8
15. Rfd1 d4 16. Ne4 Bd5 17. Bg3 Nf5 18. Qf4 Nxg3 19. Qxg3 f5 20. Nd2 f4 21. Qh3
Ne5 22. Rac1 Rc5 23. Bxd5+ 1/2-1/2

[Event "SK Dülmen 2 - SV Heiden 1"]
[Site "Verbandsklasse 2021/2022"]
[Date "2021.11.06"]
[Round "2.1"]
[White "Wienen, Hermann"]
[Black "Reufer, Berthold"]
[Result "1/2-1/2"]
[WhiteElo "1908"]
[BlackElo "1617"]
[PlyCount "100"]
[EventDate "2021.??.??"]
[SourceTitle "Verband Muensterland"]
[SourceDate "2021.09.29"]
[SourceVersion "1"]
[SourceVersionDate "2021.09.29"]
[SourceQuality "1"]
[WhiteTeam "SV Heiden 1"]
[BlackTeam "SK Dülmen 2"]

1. e4 e6 2. d4 d5 3. exd5 exd5 4. Nf3 Bf5 5. c3 Bd6 6. Qb3 Qe7+ 7. Be3 c6 8.
Be2 Nf6 9. O-O O-O 10. Re1 b5 11. Bg5 Qc7 12. Nbd2 Nbd7 13. Nf1 h6 14. Bh4 Be4
15. Bg3 Rfe8 16. N3d2 Re7 17. Bf3 Rae8 18. Ne3 Bxg3 19. hxg3 Bd3 20. Ndf1 Ne4
21. Bxe4 Rxe4 22. Nd2 R4e6 23. Nf3 Nf6 24. Ne5 Bc4 25. Qc2 b4 26. N3xc4 dxc4
27. cxb4 Nd7 28. Qxc4 Nxe5 29. Rxe5 Rxe5 30. dxe5 Qxe5 31. Qxc6 Rb8 32. Qc3 Qb5
33. a3 a5 34. bxa5 Qxb2 35. Qxb2 Rxb2 36. a4 Rb4 37. Kf1 Kf8 38. a6 Rb6 39. Ke2
Rxa6 40. Kd3 Ke8 41. Kc4 Kd8 42. Kb5 Rf6 43. Rd1+ Kc8 44. Rc1+ Kb7 45. f3 Rb6+
46. Ka5 Ra6+ 47. Kb4 Rb6+ 48. Ka3 Rg6 49. g4 h5 50. Rc4 f5 1/2-1/2

[Event "SK Dülmen 2 - SV Heiden 1"]
[Site "Verbandsklasse 2021/2022"]
[Date "2021.11.06"]
[Round "2.2"]
[White "Stein, Michael"]
[Black "Berger, Alfred"]
[Result "1/2-1/2"]
[WhiteElo "1673"]
[BlackElo "1893"]
[PlyCount "139"]
[EventDate "2021.??.??"]
[SourceTitle "Verband Muensterland"]
[SourceDate "2021.09.29"]
[SourceVersion "1"]
[SourceVersionDate "2021.09.29"]
[SourceQuality "1"]
[WhiteTeam "SK Dülmen 2"]
[BlackTeam "SV Heiden 1"]

1. e4 e6 2. d3 d5 3. Nd2 c5 4. Ngf3 Nc6 5. g3 g6 6. Bg2 Bg7 7. O-O Nge7 8. c3
O-O 9. Re1 b6 10. e5 Ba6 11. d4 cxd4 12. cxd4 Nf5 13. Qa4 Qc8 14. Bf1 Bxf1 15.
Nxf1 b5 16. Qd1 a5 17. Ne3 Nxe3 18. Bxe3 Qa6 19. a3 Rfc8 20. Qd3 Rc7 21. Rec1
Rac8 22. Rc3 Na7 23. Rac1 Qb7 24. Nd2 a4 25. Nb1 Bf8 26. Rxc7 Rxc7 27. Rxc7
Qxc7 28. Nc3 Qc6 29. Qd1 Be7 30. h4 Bd8 31. h5 Qc4 32. hxg6 hxg6 33. Qe2 Qxe2
34. Nxe2 Ba5 35. Nc3 Bxc3 36. bxc3 Nc6 37. Kg2 Na5 38. Kf3 Nc4 39. Bc1 Kg7 40.
Kg4 Na5 41. Bg5 Nc4 42. Be7 Nd2 43. f4 Ne4 44. Bb4 f6 45. Ba5 f5+ 46. Kf3 Nd2+
47. Kf2 Kh6 48. Bb4 Kh5 49. Ke3 Nb3 50. Kf3 Nd2+ 51. Ke3 Nc4+ 52. Kf3 Nd2+ 53.
Ke3 Nf1+ 54. Kf3 Nh2+ 55. Kg2 Ng4 56. Kf3 Nh6 57. Bf8 Nf7 58. Be7 g5 59. Bf6
Kg6 60. Ke3 gxf4+ 61. gxf4 Nh6 62. Be7 Kh5 63. Kf3 Ng4 64. Bg5 Kg6 65. Be7 Kf7
66. Bh4 Ke8 67. Bg5 Kd7 68. Bh4 Nh6 69. Bg5 Ng4 70. Bh4 1/2-1/2

[Event "SK Dülmen 2 - SV Heiden 1"]
[Site "Verbandsklasse 2021/2022"]
[Date "2021.11.06"]
[Round "2.3"]
[White "Wigger, Niklas"]
[Black "Lober, Sascha"]
[Result "1-0"]
[WhiteElo "1806"]
[BlackElo "1708"]
[PlyCount "72"]
[EventDate "2021.??.??"]
[SourceTitle "Verband Muensterland"]
[SourceDate "2021.09.29"]
[SourceVersion "1"]
[SourceVersionDate "2021.09.29"]
[SourceQuality "1"]
[WhiteTeam "SV Heiden 1"]
[BlackTeam "SK Dülmen 2"]

1. e4 e5 2. Nf3 Nc6 3. d4 exd4 4. Bc4 Bc5 5. c3 Nf6 6. e5 d5 7. Bb5 Ne4 8. cxd4
Bb4+ 9. Bd2 Nxd2 10. Nbxd2 Bg4 11. Qc2 O-O 12. Bxc6 Bxf3 13. Bxb7 Bxg2 14. Bxa8
Bxh1 15. Bc6 Be4 16. Qb3 Bxd2+ 17. Kxd2 Qg5+ 18. Qe3 Qg2 19. Qg3 Rb8 20. Qxg2
Bxg2 21. b3 Bh3 22. Rc1 Be6 23. Rc5 Kf8 24. Bxd5 Bxd5 25. Rxd5 Ke7 26. Kd3 Rb6
27. Rc5 Kd7 28. f4 Rh6 29. Rc2 f5 30. d5 Rh3+ 31. Kd4 Rf3 32. e6+ Kd8 33. Ke5
g6 34. Rc4 Rf2 35. Kf6 Rxa2 36. e7+ Kd7 1-0

[Event "SK Dülmen 2 - SV Heiden 1"]
[Site "Verbandsklasse 2021/2022"]
[Date "2021.11.06"]
[Round "2.4"]
[White "Wilms, Gerwin"]
[Black "Niewerth, Gerd"]
[Result "1/2-1/2"]
[WhiteElo "1621"]
[BlackElo "1807"]
[PlyCount "52"]
[EventDate "2021.??.??"]
[SourceTitle "Verband Muensterland"]
[SourceDate "2021.09.29"]
[SourceVersion "1"]
[SourceVersionDate "2021.09.29"]
[SourceQuality "1"]
[WhiteTeam "SK Dülmen 2"]
[BlackTeam "SV Heiden 1"]

1. e4 c6 2. d4 d5 3. exd5 cxd5 4. Bd3 Nf6 5. h3 Nc6 6. c3 g6 7. Bf4 Bg7 8. Nd2
O-O 9. Ngf3 a6 10. a4 Re8 11. O-O b6 12. Ne5 Nxe5 13. Bxe5 Bb7 14. Nf3 e6 15.
Re1 Nd7 16. Bxg7 Kxg7 17. Re3 Re7 18. Qe2 Qc7 19. Ne5 Nxe5 20. Rxe5 Qd6 21. Re1
Rc7 22. h4 Bc6 23. Ra1 a5 24. h5 Qe7 25. hxg6 hxg6 26. Qg4 Rh8 1/2-1/2

[Event "SK Dülmen 2 - SV Heiden 1"]
[Site "Verbandsklasse 2021/2022"]
[Date "2021.11.06"]
[Round "2.5"]
[White "Sicking, Norbert"]
[Black "Bienhuels, Michael"]
[Result "1-0"]
[WhiteElo "1745"]
[BlackElo "1612"]
[PlyCount "91"]
[EventDate "2021.??.??"]
[SourceTitle "Verband Muensterland"]
[SourceDate "2021.09.29"]
[SourceVersion "1"]
[SourceVersionDate "2021.09.29"]
[SourceQuality "1"]
[WhiteTeam "SV Heiden 1"]
[BlackTeam "SK Dülmen 2"]

1. d4 Nf6 2. Nf3 e6 3. c3 d5 4. g3 b6 5. Bg2 Bb7 6. Bg5 Nbd7 7. O-O Be7 8. Nbd2
h6 9. Bxf6 Nxf6 10. Ne5 Rb8 11. Qa4+ Nd7 12. Rac1 a6 13. Qxd7+ Qxd7 14. Nxd7
Kxd7 15. c4 c5 16. dxc5 bxc5 17. Nb3 Rhc8 18. Rfd1 d4 19. e3 Bxg2 20. Kxg2 e5
21. Rc2 Ke6 22. e4 Rb6 23. Nc1 a5 24. Nd3 Rcb8 25. f4 f6 26. Kf3 a4 27. Rdd2
Bd6 28. h4 R6b7 29. Kg4 g6 30. Kf3 Rf7 31. Re2 Rc8 32. Re1 f5 33. exf5+ Rxf5
34. Rce2 Kf7 35. Nxe5+ Bxe5 36. Rxe5 Rxe5 37. Rxe5 Rb8 38. Re2 Re8 39. Rxe8
Kxe8 40. g4 Kf7 41. Ke4 Ke6 42. b3 axb3 43. axb3 Kd6 44. b4 d3 45. Kxd3 cxb4
46. Kd4 1-0

[Event "SK Dülmen 2 - SV Heiden 1"]
[Site "Verbandsklasse 2021/2022"]
[Date "2021.11.06"]
[Round "2.6"]
[White "Krimphove, Martin"]
[Black "Vestrick, Frank"]
[Result "0-1"]
[WhiteElo "1480"]
[BlackElo "1782"]
[PlyCount "70"]
[EventDate "2021.??.??"]
[SourceTitle "Verband Muensterland"]
[SourceDate "2021.09.29"]
[SourceVersion "1"]
[SourceVersionDate "2021.09.29"]
[SourceQuality "1"]
[WhiteTeam "SK Dülmen 2"]
[BlackTeam "SV Heiden 1"]

1. e4 d6 2. d4 Nf6 3. Nc3 g6 4. Nf3 Bg7 5. Be2 O-O 6. Be3 c6 7. Qd2 b5 8. a3
Qc7 9. Bh6 e5 10. Bxg7 Kxg7 11. O-O a6 12. Rad1 Re8 13. dxe5 dxe5 14. Qd6 Ra7
15. Rd2 Bg4 16. Rfd1 Nbd7 17. Qxc7 Rxc7 18. b4 Nb6 19. h3 Bxf3 20. gxf3 Nh5 21.
Kg2 Nf4+ 22. Kg3 Ree7 23. Bf1 Red7 24. Rxd7 Rxd7 25. Rxd7 Nxd7 26. Ne2 Ne6 27.
c3 Nb6 28. Nc1 Na4 29. c4 Nd4 30. cxb5 axb5 31. Nd3 f6 32. f4 Nc3 33. Bg2 Nce2+
34. Kg4 h5+ 35. Kh4 Kh6 0-1

[Event "SK Dülmen 2 - SV Heiden 1"]
[Site "Verbandsklasse 2021/2022"]
[Date "2021.11.06"]
[Round "2.7"]
[White "Bohn, Andreas"]
[Black "Ulunque Villazon, Humberto"]
[Result "1-0"]
[WhiteElo "1831"]
[BlackElo "1603"]
[PlyCount "137"]
[EventDate "2021.??.??"]
[SourceTitle "Verband Muensterland"]
[SourceDate "2021.09.29"]
[SourceVersion "1"]
[SourceVersionDate "2021.09.29"]
[SourceQuality "1"]
[WhiteTeam "SV Heiden 1"]
[BlackTeam "SK Dülmen 2"]

1. c4 e5 2. Nc3 Nf6 3. g3 c6 4. d3 Be7 5. Nf3 d6 6. Bg2 O-O 7. O-O Nbd7 8. a3
a5 9. Rb1 Re8 10. b4 axb4 11. axb4 d5 12. cxd5 Nxd5 13. Nxd5 cxd5 14. Qb3 d4
15. Bd2 Ra6 16. Ra1 Re6 17. Rfc1 Bf6 18. Ne1 Nb6 19. Ra7 R6e7 20. b5 Be6 21.
Qa3 Bd5 22. Ba5 Bxg2 23. Nxg2 Rc7 24. h4 Be7 25. Qa1 Bc5 26. Bxb6 Bxb6 27. Rxc7
Qxc7 28. Ra8 Rc8 29. Ne1 g6 30. Nf3 Rxa8 31. Qxa8+ Kg7 32. Qe8 f6 33. Kg2 Qf7
34. Qc8 Qd5 35. Qe8 Qd8 36. Qe6 Bc7 37. g4 Bd6 38. g5 Qe7 39. gxf6+ Qxf6 40.
Qd7+ Qe7 41. Nxe5 Qxd7 42. Nxd7 Kf7 43. Nb6 Ke6 44. Kf3 Kf5 45. e4+ dxe3 46.
fxe3 h5 47. e4+ Ke6 48. Nd5 Be5 49. Nf4+ Kf6 50. Ke3 g5 51. Nd5+ Kg6 52. hxg5
h4 53. Kf3 Kxg5 54. Ne3 h3 55. Nf5 h2 56. Kg2 Bf4 57. Nd4 Kf6 58. Nf3 Ke6 59.
Nxh2 Kd6 60. d4 Kc7 61. Ng4 Kb6 62. Kf3 Bc7 63. e5 Kxb5 64. Ke4 Kc6 65. d5+ Kc5
66. Nf2 b5 67. Nd3+ Kc4 68. d6 Bd8 69. e6 1-0

[Event "SK Dülmen 2 - SV Heiden 1"]
[Site "Verbandsklasse 2021/2022"]
[Date "2021.11.06"]
[Round "2.8"]
[White "Hoffmann, Klaus Peter"]
[Black "Hoelter, Dirk"]
[Result "0-1"]
[WhiteElo "1510"]
[BlackElo "1687"]
[PlyCount "38"]
[EventDate "2021.??.??"]
[SourceTitle "Verband Muensterland"]
[SourceDate "2021.09.29"]
[SourceVersion "1"]
[SourceVersionDate "2021.09.29"]
[SourceQuality "1"]
[WhiteTeam "SK Dülmen 2"]
[BlackTeam "SV Heiden 1"]

1. d4 d5 2. c4 c6 3. Nc3 Nf6 4. Bg5 e6 5. e3 Be7 6. Nf3 Nbd7 7. Bd3 h6 8. Bh4
a6 9. c5 a5 10. Qa4 O-O 11. O-O b5 12. Qc2 b4 13. Ne2 Ba6 14. h3 Bxd3 15. Qxd3
Ne4 16. Bxe7 Qxe7 17. a3 e5 18. axb4 axb4 19. Ra6 Nexc5 0-1

[Event "SF Reckenfeld 1 - SC Klein-Berlin Rhein"]
[Site "Verbandsklasse 2021/2022"]
[Date "2021.11.06"]
[Round "2.2"]
[White "Boeckmann, Dirk"]
[Black "Hauk, Viktoria"]
[Result "0-1"]
[WhiteElo "1704"]
[BlackElo "1885"]
[PlyCount "114"]
[EventDate "2021.??.??"]
[SourceTitle "Verband Muensterland"]
[SourceDate "2021.09.29"]
[SourceVersion "1"]
[SourceVersionDate "2021.09.29"]
[SourceQuality "1"]
[WhiteTeam "SF Reckenfeld 1"]
[BlackTeam "SC Klein-Berlin Rheine 2"]

1. d4 Nf6 2. Nf3 e6 3. Bf4 d5 4. c3 c5 5. e3 Be7 6. h3 Nc6 7. Bd3 Qb6 8. Qb3 c4
9. Qxb6 axb6 10. Bc2 O-O 11. O-O b5 12. b4 cxb3 13. Bxb3 Na5 14. Nbd2 Ba3 15.
Rab1 Bd7 16. Bc2 Rfc8 17. Bd3 Nc4 18. Bxc4 dxc4 19. e4 b4 20. cxb4 c3 21. Nb3
Bb5 22. Rfe1 Bd3 23. Rbc1 Bxc1 24. Nxc1 Bxe4 25. Ne5 Bd5 26. Re2 c2 27. Ned3
Bxa2 28. Nc5 Bd5 29. Rxc2 b6 30. Rb2 bxc5 31. dxc5 Ra7 32. Nd3 Rb7 33. Be5 Ne4
34. f3 Nf6 35. Rc2 Bc6 36. Bc3 Nd5 37. Bd2 Ba4 38. Rb2 Bb5 39. Nc1 f6 40. Kf2
e5 41. g3 Kf7 42. h4 Bd7 43. Nd3 Bf5 44. Ke2 Bxd3+ 45. Kxd3 Rxc5 46. Rb3 Rcb5
47. Kc4 Ke6 48. g4 Nc7 49. f4 g6 50. fxe5 Rxe5 51. g5 Ne8 52. gxf6 Nd6+ 53. Kd3
Rd5+ 54. Ke2 Kxf6 55. Bf4 Nf5 56. Bg5+ Ke5 57. Kf2 Rdb5 0-1

[Event "SF Reckenfeld 1 - SC Klein-Berlin Rhein"]
[Site "Verbandsklasse 2021/2022"]
[Date "2021.11.06"]
[Round "2.3"]
[White "Hemmert, Michael"]
[Black "Woeste, Georg"]
[Result "0-1"]
[WhiteElo "1765"]
[BlackElo "1747"]
[PlyCount "116"]
[EventDate "2021.??.??"]
[SourceTitle "Verband Muensterland"]
[SourceDate "2021.09.29"]
[SourceVersion "1"]
[SourceVersionDate "2021.09.29"]
[SourceQuality "1"]
[WhiteTeam "SC Klein-Berlin Rheine 2"]
[BlackTeam "SF Reckenfeld 1"]

1. d4 d5 2. Bf4 e6 3. c4 Bd6 4. Bxd6 Qxd6 5. c5 Qe7 6. Nf3 Nf6 7. Nc3 O-O 8. e3
Nc6 9. Be2 b6 10. Na4 e5 11. dxe5 Nxe5 12. Rc1 bxc5 13. Nxc5 Rd8 14. O-O Nc4
15. Qd4 Nb6 16. Ne5 Qd6 17. a4 Nbd7 18. f4 Nxc5 19. Qxc5 Qxc5 20. Rxc5 Ne8 21.
Bb5 f6 22. Nc6 Rd6 23. Rd1 Bg4 24. Rdxd5 Rxd5 25. Rxd5 Nd6 26. Rc5 Kf8 27. Bd3
g6 28. e4 Bd7 29. Kf2 Kg7 30. Kf3 h5 31. h3 a6 32. Nb4 Ne8 33. Nxa6 Bxa4 34.
Nxc7 Rb8 35. Nxe8+ Bxe8 36. Rc7+ Kf8 37. Bc2 Rxb2 38. Ba4 Bxa4 39. g4 Rb3+ 40.
Kg2 hxg4 41. hxg4 Re3 42. Rc4 Bd7 43. Kf2 Rh3 44. g5 fxg5 45. fxg5 Ke7 46. Rc5
Kd6 47. Rd5+ Ke6 48. Rc5 Rb3 49. Ra5 Rc3 50. Ra6+ Bc6 51. Ke2 Ke5 52. Kd2 Rc5
53. Ke3 Bxe4 54. Ra3 Rb5 55. Rc3 Bd5 56. Rc8 Rb3+ 57. Kf2 Kf4 58. Rc5 Be4 0-1

[Event "SF Reckenfeld 1 - SC Klein-Berlin Rhein"]
[Site "Verbandsklasse 2021/2022"]
[Date "2021.11.06"]
[Round "2.4"]
[White "Merschkoetter, Peter"]
[Black "Miethe, Christoph"]
[Result "1/2-1/2"]
[WhiteElo "1647"]
[BlackElo "1761"]
[PlyCount "98"]
[EventDate "2021.??.??"]
[SourceTitle "Verband Muensterland"]
[SourceDate "2021.09.29"]
[SourceVersion "1"]
[SourceVersionDate "2021.09.29"]
[SourceQuality "1"]
[WhiteTeam "SF Reckenfeld 1"]
[BlackTeam "SC Klein-Berlin Rheine 2"]

1. d4 d5 2. c4 e6 3. Nc3 Nf6 4. Bg5 Be7 5. e3 O-O 6. Nf3 b6 7. Bxf6 Bxf6 8.
cxd5 exd5 9. Bd3 c5 10. Rc1 cxd4 11. exd4 Re8+ 12. Be2 Ba6 13. O-O Bxe2 14.
Nxe2 Qd7 15. Qc2 Na6 16. a3 Rac8 17. Qd3 Nc7 18. Nc3 h6 19. Rfe1 Rxe1+ 20. Rxe1
Re8 21. Kf1 Rxe1+ 22. Nxe1 Ne6 23. Ne2 Qc7 24. Nf3 Nf4 25. Qc3 Ne6 26. b3 Qxc3
27. Nxc3 Nc7 28. a4 Kf8 29. Ke2 Ke7 30. Ke3 a6 31. h3 Ke6 32. g4 g5 33. Ne1 Kd6
34. Nd3 Ne6 35. Ne2 b5 36. axb5 axb5 37. Nb4 Be7 38. Nd3 f6 39. Ng3 Ng7 40. f3
Kc6 41. Ne1 Bd6 42. Ne2 f5 43. Nd3 f4+ 44. Kd2 Ne6 45. Kc3 Nf8 46. Ne5+ Bxe5
47. dxe5 Ne6 48. b4 Kd7 49. Kd3 Ke7 1/2-1/2

[Event "SF Reckenfeld 1 - SC Klein-Berlin Rhein"]
[Site "Verbandsklasse 2021/2022"]
[Date "2021.11.06"]
[Round "2.5"]
[White "Brinkmann, Franz Josef"]
[Black "Roewekamp, Andre"]
[Result "1-0"]
[WhiteElo "1768"]
[BlackElo "1629"]
[PlyCount "49"]
[EventDate "2021.??.??"]
[SourceTitle "Verband Muensterland"]
[SourceDate "2021.09.29"]
[SourceVersion "1"]
[SourceVersionDate "2021.09.29"]
[SourceQuality "1"]
[WhiteTeam "SC Klein-Berlin Rheine 2"]
[BlackTeam "SF Reckenfeld 1"]

1. e4 e5 2. Nf3 Nc6 3. Bc4 Bc5 4. c3 Nf6 5. d4 exd4 6. cxd4 Bb4+ 7. Bd2 Bxd2+
8. Nbxd2 Qe7 9. e5 d6 10. O-O dxe5 11. dxe5 Nd7 12. Re1 Kf8 13. e6 fxe6 14.
Rxe6 Qc5 15. Qe2 Nf6 16. Re3 Bg4 17. Re1 Nd4 18. Nxd4 Qxd4 19. Nf3 Bxf3 20.
Rxf3 Qd7 21. Qe5 Qd6 22. Qe2 h5 23. Rd3 Re8 24. Rxd6 Rxe2 25. Rxf6+ 1-0

[Event "SF Reckenfeld 1 - SC Klein-Berlin Rhein"]
[Site "Verbandsklasse 2021/2022"]
[Date "2021.11.06"]
[Round "2.6"]
[White "Roewekamp, Helmut"]
[Black "Pohlmeier, Ulrich"]
[Result "1/2-1/2"]
[WhiteElo "1625"]
[BlackElo "1635"]
[PlyCount "42"]
[EventDate "2021.??.??"]
[SourceTitle "Verband Muensterland"]
[SourceDate "2021.09.29"]
[SourceVersion "1"]
[SourceVersionDate "2021.09.29"]
[SourceQuality "1"]
[WhiteTeam "SF Reckenfeld 1"]
[BlackTeam "SC Klein-Berlin Rheine 2"]

1. e4 e5 2. Nf3 d6 3. Bc4 Be6 4. Bb3 Nc6 5. c3 Nf6 6. d3 h6 7. Nbd2 Be7 8. Nf1
O-O 9. Ng3 Qd7 10. Bc2 Bg4 11. h3 Bxf3 12. Qxf3 Nh7 13. Nf5 Bg5 14. Qg4 Nf6 15.
Qg3 Nh5 16. Qf3 Bxc1 17. Rxc1 Nf4 18. Qg4 Ne6 19. Bb3 Kh7 20. O-O g6 21. Nh4
Nc5 1/2-1/2

[Event "SF Reckenfeld 1 - SC Klein-Berlin Rhein"]
[Site "Verbandsklasse 2021/2022"]
[Date "2021.11.06"]
[Round "2.7"]
[White "Huesmann, Stephan"]
[Black "Richter, Michael"]
[Result "1/2-1/2"]
[WhiteElo "1622"]
[BlackElo "1646"]
[PlyCount "25"]
[EventDate "2021.??.??"]
[SourceTitle "Verband Muensterland"]
[SourceDate "2021.09.29"]
[SourceVersion "1"]
[SourceVersionDate "2021.09.29"]
[SourceQuality "1"]
[WhiteTeam "SC Klein-Berlin Rheine 2"]
[BlackTeam "SF Reckenfeld 1"]

1. e4 c5 2. Nf3 d6 3. d4 cxd4 4. c3 Nf6 5. Bc4 e6 6. Qe2 d3 7. Qxd3 Be7 8. O-O
O-O 9. Bb3 Nbd7 10. Bc2 Nc5 11. Qe2 b6 12. Re1 Bb7 13. Nbd2 1/2-1/2

[Event "SF Reckenfeld 1 - SC Klein-Berlin Rhein"]
[Site "Verbandsklasse 2021/2022"]
[Date "2021.11.06"]
[Round "2.8"]
[White "Weber, Stefan"]
[Black "Winter, Reinhold"]
[Result "0-1"]
[WhiteElo "1146"]
[BlackElo "1661"]
[PlyCount "64"]
[EventDate "2021.??.??"]
[SourceTitle "Verband Muensterland"]
[SourceDate "2021.09.29"]
[SourceVersion "1"]
[SourceVersionDate "2021.09.29"]
[SourceQuality "1"]
[WhiteTeam "SF Reckenfeld 1"]
[BlackTeam "SC Klein-Berlin Rheine 2"]

1. e4 c6 2. Nf3 d5 3. Nc3 Bg4 4. h3 Bh5 5. Be2 e6 6. d3 Bb4 7. O-O Ne7 8. Ne5
Bxe2 9. Qxe2 Bxc3 10. bxc3 Nd7 11. Bf4 O-O 12. Rab1 Nxe5 13. Bxe5 f6 14. Bf4 e5
15. Bd2 Qd7 16. f4 exf4 17. Rxf4 Ng6 18. Rf3 dxe4 19. Qxe4 Rfe8 20. Qc4+ Kh8
21. Rg3 Re2 22. Rd1 Rae8 23. d4 Qf5 24. Rf3 Qxc2 25. Rff1 Rxd2 26. Rxd2 Qxd2
27. Qf7 Qe3+ 28. Kh2 b5 29. Rf3 Qe7 30. Qb3 Nh4 31. Rf2 Qd6+ 32. g3 Re3 0-1